[Event "Mirandola Giovanni Pico op 2nd"]
[Site "Mirandola"]
[Date "2009.01.10"]
[Round "2"]
[White "Bolognesi, Alberto"]
[Black "Camerini, Lorenzo"]
[Result "0-1"]
[WhiteElo "1898"]
[BlackElo "2101"]
[PlyCount "69"]
[EventDate "2009.01.09"]
[EventType "swiss"]
[EventRounds "5"]
[EventCountry "ITA"]
[SourceTitle "EXT 2011"]
[Source "ChessBase"]
[SourceDate "2010.11.26"]
[SourceVersion "1"]
[SourceVersionDate "2010.11.26"]
[SourceQuality "1"]

1. Nf3 c5 2. c4 Nf6 3. g3 d5 4. Bg2 d4 5. b4 Nfd7 6. 0-0 e5 7. bxc5 Bxc5 8. d3 0-0 9. Nbd2 Nc6 10. Nb3 Be7 11. e3 dxe3 12. fxe3 Nb6 13. Qe2 e4 14. dxe4 Bf6 15. Rd1 Qe7 16. Nfd4 Ne5 17. h3 Nbxc4 18. Bb2 Bg5 19. Bc1 Qf6 20. Bd2 Qh6 21. Nf5 Bxf5 22. exf5 Rad8 23. Kh2 b5 24. Bb4 Rfe8 25. Rxd8 Bxd8 26. Bc5 Qg5 27. Bd5 Bc7 28. e4 h5 29. Bf2 h4 30. Rg1 Qf6 31. Nd4 a6 32. a4 Nb6 33. Bb7 Nxa4 34. Bxa6 Qxa6 35. Rb1 0-1

[Event "Emilia Romagna Province-ch"]
[Site "Formigine"]
[Date "2007.05.01"]
[Round "6"]
[White "Bolognesi, Alberto"]
[Black "Arnetta, Marianna"]
[Result "1/2-1/2"]
[WhiteElo "1789"]
[BlackElo "2039"]
[PlyCount "98"]
[EventDate "2007.04.28"]
[EventType "swiss"]
[EventRounds "6"]
[EventCountry "ITA"]
[SourceTitle "EXT 2009"]
[Source "ChessBase"]
[SourceDate "2008.11.26"]
[SourceVersion "1"]
[SourceVersionDate "2008.11.26"]
[SourceQuality "1"]

1. e4 e6 2. d4 d5 3. Bd3 dxe4 4. Bxe4 Nf6 5. Bd3 c5 6. Nf3 Nc6 7. c3 Be7 8. 0-0 Bd7 9. dxc5 Bxc5 10. b4 Be7 11. Nbd2 Rc8 12. Bb2 0-0 13. Rc1 a6 14. a3 e5 15. h3 Bxh3 16. Bxh7+ Nxh7 17. gxh3 Qd7 18. Kh2 Qf5 19. Qe2 Qf4+ 20. Kg2 Ng5 21. c4 Nd4 22. Bxd4 exd4 23. Qd3 Bf6 24. Rce1 Rfe8 25. Re2 g6 26. Rfe1 Rxe2 27. Rxe2 Kg7 28. Nxg5 Qxg5+ 29. Kh1 Rh8 30. Ne4 Qf4 31. Nxf6 Qxf6 32. Kg2 Rh5 33. Re4 Rh4 34. Kg3 Rxe4 35. Qxe4 Qd6+ 36. Qf4 Qd7 37. Qe5+ f6 38. Qd5 Qc7+ 39. f4 Qe7 40. Qxd4 Qe1+ 41. Qf2 Qc3+ 42. Qf3 Qe1+ 43. Kg2 Qd2+ 44. Kg3 Qe1+ 45. Kh2 Qd2+ 46. Kg3 Qe1+ 47. Kg2 Qd2+ 48. Qf2 Qd3 49. Qf3 Qd2+ 1/2-1/2

[Event "Bratto Gorgonzola op-B"]
[Site "Bratto"]
[Date "2006.08.26"]
[Round "7"]
[White "Bolognesi, Alberto"]
[Black "Nepi, Ezio"]
[Result "1/2-1/2"]
[WhiteElo "1900"]
[BlackElo "1817"]
[PlyCount "130"]
[EventDate "2006.08.20"]
[EventType "swiss"]
[EventRounds "8"]
[EventCountry "ITA"]
[SourceTitle "EXT 2008"]
[Source "ChessBase"]
[SourceDate "2007.11.25"]
[SourceVersion "1"]
[SourceVersionDate "2007.11.25"]
[SourceQuality "1"]

1. e4 e6 2. d4 d5 3. exd5 exd5 4. c4 Bb4+ 5. Nc3 Nf6 6. Nf3 0-0 7. Be2 dxc4 8. 0-0 Bg4 9. Bxc4 Nbd7 10. Qb3 Bxc3 11. bxc3 Nb6 12. Ne5 Nxc4 13. Nxg4 Nb6 14. Bg5 Qd5 15. Nxf6+ gxf6 16. Bxf6 Qxb3 17. axb3 Nd5 18. Be5 Nxc3 19. Bxc7 Ne2+ 20. Kh1 Nxd4 21. b4 Rac8 22. Be5 Nb5 23. Rac1 Rxc1 24. Rxc1 Re8 25. Bf6 h5 26. g3 Kh7 27. Rc5 a6 28. Rg5 Re4 29. f4 Nd6 30. Rxh5+ Kg6 31. Rd5 Kxf6 32. Rxd6+ Re6 33. Rd7 Rb6 34. Rd4 Ke6 35. Kg2 Rd6 36. Rc4 Rc6 37. Rd4 b5 38. Kf3 Rc3+ 39. Ke2 Rc2+ 40. Rd2 Rc4 41. Rb2 Kf5 42. Kf3 Rc3+ 43. Kg2 Ke4 44. Kf2 Kd3 45. h4 f5 46. Kf3 Kc4+ 47. Kg2 Rc1 48. Ra2 Kxb4 49. Rxa6 Kc5 50. Rf6 b4 51. Rxf5+ Kc4 52. Rf8 Rc2+ 53. Kf3 b3 54. Rb8 b2 55. Kg4 Rh2 56. Kg5 Kc3 57. h5 Kc2 58. h6 Rh3 59. Rxb2+ Kxb2 60. g4 Kc3 61. f5 Kd4 62. Kg6 Ke5 63. h7 Rh4 64. g5 Rh1 65. Kg7 Kxf5 1/2-1/2

[Event "Bratto Gorgonzola op-B"]
[Site "Bratto"]
[Date "2006.08.20"]
[Round "1"]
[White "Madiai, Federico"]
[Black "Bolognesi, Alberto"]
[Result "1-0"]
[WhiteElo "1756"]
[BlackElo "1900"]
[PlyCount "53"]
[EventDate "2006.08.20"]
[EventType "swiss"]
[EventRounds "8"]
[EventCountry "ITA"]
[SourceTitle "EXT 2008"]
[Source "ChessBase"]
[SourceDate "2007.11.25"]
[SourceVersion "1"]
[SourceVersionDate "2007.11.25"]
[SourceQuality "1"]

1. d4 Nf6 2. Nf3 g6 3. Nc3 d5 4. Bf4 Nh5 5. Qd2 Nxf4 6. Qxf4 Bg7 7. e4 dxe4 8. Nxe4 0-0 9. 0-0-0 Qd5 10. Kb1 Nc6 11. Nc3 Qa5 12. Bc4 e5 13. dxe5 Nxe5 14. Rd5 Qb6 15. Nxe5 Be6 16. Rb5 Qd6 17. Rd1 Qe7 18. Bxe6 fxe6 19. Qe3 Rad8 20. Rxd8 Rxd8 21. Rxb7 Qd6 22. Nd3 e5 23. Ne4 Qc6 24. Rb3 h6 25. f3 Bf8 26. Qxa7 Kg7 27. Rc3 1-0